Guess the enhypen song name by the picture! - Statistics

General Stats
  • This quiz has been taken 1,247 times
  • The average score is 12 of 16
Answer Stats
Picture Answer % Correct
Drunk dazed
90%
Sweet venom
87%
Tamed dashed
85%
XO
79%
Sacrifice
78%
Bite me
77%
Fever
74%
Future perfect
73%
Hey Tayo
73%
Blessed cursed
72%
Fatal trouble
71%
Paradoxxx invasion
69%
Given taken
67%
Polaroid love
64%
Orange flower
58%
One and only
50%
No matching quizzes found
Score Distribution
Percent of People with Each Score
Percentile by Number Answered
Your Score History
You have not taken this quiz